| 000 | 00587nam a22001817a 4500 | ||
|---|---|---|---|
| 008 | 170612b xxu||||| |||| 00| p tur d | ||
| 020 | _a9758996428 | ||
| 041 | _atur | ||
| 050 | _aPL248.B83 | ||
| 100 |
_aBudak, Abdülkadir _9230 |
||
| 245 |
_aEndişeli Fesleğen _cAbdulkadir Budak |
||
| 250 | _a2. baskı | ||
| 260 |
_aAnkara _bKül Sanat Yayıncılık _cMayıs 2006 |
||
| 300 | _a80 sayfa | ||
| 500 | _aGenel Dizi: 42; Siyah Kitaplar: 3 1. baskısı Öteki Yayınevi tarafından yayınlanmış olup kütüphanemizde mevcuttur. | ||
| 650 | 0 |
_9145 _aTürk Edebiyatı |
|
| 942 |
_2lcc _cBK |
||
| 999 |
_c256 _d252 |
||